000 00631nam a2200193Ia 4500
005 20240530110943.0
008 140319s9999 xx 000 0 ara d
040 _aGCL /
_cGCL
082 0 4 _a922.1 /
_bح غ
100 1 _aمحمد بن على خرد
245 1 0 _aغرر البهاء الضوى /
_cمحمد بن على خرد
260 _aالقاهرة :
_bمطابع المكتب المصرى الحديث ،
_c1985
300 _a607 ص ؛
_c24 سم
650 0 4 _aالمحدثين
650 0 4 _aالتراجم
650 0 4 _aالاسلام - تراجم
942 _2ddc
_cBK
999 _c66851
_d66851